El "Llibre del Mustaçaf" y la vida en la ciudad de Valencia a mediados del siglo XVI / (Record no. 22690)

MARC details
000 -LEADER
campo de control de longitud fija 00784nam a2200217 i 4500
001 - NÚMERO DE CONTROL
campo de control 22690
003 - IDENTIFICADOR DE NÚMERO DE CONTROL
campo de control ES-MaACL
005 - FECHA Y HORA DE LA ÚLTIMA TRANSACCIÓN
campo de control 20230906152736.0
007 - CAMPO FIJO DE DESCRIPCIÓN FÍSICA--INFORMACIÓN GENERAL
campo de control de longitud fija t|
008 - DATOS DE LONGITUD FIJA--INFORMACIÓN GENERAL
campo de control de longitud fija 021204s1948 sp |||| | spa d
100 1# - ENTRADA PRINCIPAL--NOMBRE DE PERSONA
Nombre de persona Almela i Vives, Francesc.
9 (RLIN) 20131
245 13 - MENCIÓN DEL TÍTULO
Título El "Llibre del Mustaçaf" y la vida en la ciudad de Valencia a mediados del siglo XVI /
Mención de responsabilidad, etc. Francisco Almela y Vives.
260 ## - PUBLICACIÓN, DISTRIBUCIÓN, ETC.
Lugar de publicación, distribución, etc. Castellón de la Plana :
Nombre del editor, distribuidor, etc. Sociedad Castellonense de Cultura,
Fecha de publicación, distribución, etc. 1948 (
Fabricante Francisco Armengot)
300 ## - DESCRIPCIÓN FÍSICA
Extensión 30 p. ;
Dimensiones 21 cm.
490 1# - MENCIÓN DE SERIE
Mención de serie Arte e historia ;
Designación de volumen o secuencia 9
650 #4 - PUNTO DE ACCESO ADICIONAL DE MATERIA--TÉRMINO DE MATERIA
Término de materia o nombre geográfico como elemento de entrada Almotacén-
Subdivisión geográfica Valencia-
Subdivisión de forma Historia.
9 (RLIN) 168194
651 #4 - PUNTO DE ACCESO ADICIONAL DE MATERIA--NOMBRE GEOGRÁFICO
Nombre geográfico Valencia-
Subdivisión general Usos y costumbres-
Subdivisión cronológica S.XVI.
9 (RLIN) 168193
830 0# - PUNTO DE ACCESO ADICIONAL DE SERIE-TÍTULO UNIFORME
Título uniforme Arte e historia ;
Designación de volumen o secuencia 9
9 (RLIN) 229009
852 ## - LOCALIZACIÓN
Ubicación ES-MaACL
Número de control de estantería 1651-F-18
Holdings
Estatus retirado Estado de pérdida Estado de daño No para préstamo Colección Biblioteca de origen Biblioteca actual Ubicación en estantería Fecha de adquisición Fuente de adquisición Total de préstamos Signatura topográfica completa Código de barras Visto por última vez Precio de reemplazo Tipo de ítem Koha
        Colección de folletos Biblioteca del Ateneo de Madrid Biblioteca del Ateneo de Madrid Depósito folletos 17/01/2008     1651-F-18 1023361 23/02/2023 23/02/2023 Folleto